00687nam a2200169 i 450000100060000000300090000600500170001500700030003200800410003510000270007624502070010326000400031030000390035065000300038970000760041985200220049544778ES-MaACL20231227175039.0t|030324s1946 sp f |||| | spa d1 aClaret Rubira, José.10aMuebles de estilo inglés y su influencia en el exterior b: desde los Tudor hasta la reina Victoria, con los grupos Colonial y Menorquín / cJosé Claret Rubira ; prólogo del marqués de Lozoya. aBarcelona : bGustavo Gili, c1946. aVII, 479 p., 418 lám. ; c31 cm. 4aMuebles-zGran Bretaña.1 aLozoya, Juan de Contreras y López de Ayala,cMarqués de,d1893-1978 aES-MaACLjB-10676